Advanced Optical Fiber Communication (Record no. 2327)

MARC details
000 -LEADER
Fixed length control field 00401nam a2200157 4500
003 - CONTROL NUMBER IDENTIFIER
Control field SEACOMEC
005 - DATE AND TIME OF LATEST TRANSACTION
Control field 20250719105049.0
008 - FIXED-LENGTH DATA ELEMENTS--GENERAL INFORMATION
Fixed length control field 250719b |||||||| |||| 00| 0 eng d
020 ## - INTERNATIONAL STANDARD BOOK NUMBER / ISBN
International Standard Book Number 8183713300
Price 320
040 ## - CATALOGING SOURCE
Original cataloging agency SEACOMEC
082 ## - DEWEY DECIMAL CLASSIFICATION NUMBER
Classification number 621.38275
Book Number R888ao
100 ## - MAIN ENTRY--PERSONAL NAME
Personal name Kushal Roy
245 ## - TITLE STATEMENT
Title Advanced Optical Fiber Communication
Statement of responsibility Roy, Kushal
260 ## - IMPRINT
Place of publication Kolkata
Name of publisher Scitech
Date of publication c2010
942 ## - ADDED ENTRY ELEMENTS (KOHA)
Koha item type Books
Holdings
Withdrawn status Lost status Source of classification Damaged status Not for loan Home library Current library Date acquired Total Checkouts Call number Accession number Date last seen Price effective from Koha item type
    Dewey Decimal Classification     SEACOM ENGINEERING COLLEGE SEACOM ENGINEERING COLLEGE 19/07/2025   621.38275 R888ao 17986 19/07/2025 19/07/2025 Books
    Dewey Decimal Classification     SEACOM ENGINEERING COLLEGE SEACOM ENGINEERING COLLEGE 19/07/2025   621.38275 R888ao 17987 19/07/2025 19/07/2025 Books
    Dewey Decimal Classification     SEACOM ENGINEERING COLLEGE SEACOM ENGINEERING COLLEGE 19/07/2025   621.38275 R888ao 17988 19/07/2025 19/07/2025 Books
    Dewey Decimal Classification     SEACOM ENGINEERING COLLEGE SEACOM ENGINEERING COLLEGE 19/07/2025   621.38275 R888ao 17989 19/07/2025 19/07/2025 Books
    Dewey Decimal Classification     SEACOM ENGINEERING COLLEGE SEACOM ENGINEERING COLLEGE 19/07/2025   621.38275 R888ao 17990 19/07/2025 19/07/2025 Books
    Dewey Decimal Classification     SEACOM ENGINEERING COLLEGE SEACOM ENGINEERING COLLEGE 19/07/2025   621.38275 R888ao 17991 19/07/2025 19/07/2025 Books
    Dewey Decimal Classification     SEACOM ENGINEERING COLLEGE SEACOM ENGINEERING COLLEGE 19/07/2025   621.38275 R888ao 17992 19/07/2025 19/07/2025 Books
    Dewey Decimal Classification     SEACOM ENGINEERING COLLEGE SEACOM ENGINEERING COLLEGE 19/07/2025   621.38275 R888ao 17993 19/07/2025 19/07/2025 Books
    Dewey Decimal Classification     SEACOM ENGINEERING COLLEGE SEACOM ENGINEERING COLLEGE 19/07/2025   621.38275 R888ao 17994 19/07/2025 19/07/2025 Books
    Dewey Decimal Classification     SEACOM ENGINEERING COLLEGE SEACOM ENGINEERING COLLEGE 19/07/2025   621.38275 R888ao 17995 19/07/2025 19/07/2025 Books
© Seacom Engineering College, All rights reserved.      Powered by Koha